00764nac a22002171u 4500010001600000035001800016082001800034090001500052100003400067245008600101260003100187300003400218500001500252500004100267504002000308650004600328700002600374942002000400999001500420952011100435 a 51000366 a(OCoLC)660545 a621.101bP334 c3481d3481 aPeck, William John. 10aApplied thermodynamics problems for engineers,cby W. J. Peck and A. J. Richmond. aLondon,bE. Arnoldc[1954] aviii, 344 p.bdiagrs.c23 cm. aDonations. aDonations - Bibliotheca Alexandrina. aIncludes Index. 0aThermodynamicsxProblems, exercises, etc.1 aRichmond, Alan James, cBBk621.101P334 c3481d3481 00102ddc4070aMAINbMAINc1STd2007-04-19ePurchasel0o621.101 PECp000030354r2025-07-15 00:00:00yBB